000 01020nas a2200325 4500
001 BR2013006369
003 BR-BrBNA
005 20231205122753.0
007 ta
008 230509b bl.|||p| |||| 00| 00por d
040 _aBR-BrBNA
_bpor
_cBiblioteca Nacional de Agricultura
041 _a(Pt)
072 _aL60
100 1 _aPinheiro, V.R.
100 1 _aSilva, F.F. e
100 1 _aGuimarães,. S.E.F.
100 1 _aResende, M.D.V. de
100 1 _aLopes, P.S.
100 1 _aCruz, C.D.
100 1 _aAzevedo, C.F.
245 1 _aMapeamento de QTL para características de crescimento de suínos por meio de modelos de regressão aleatória
650 _aSUÍNO
650 _aCURVA DE CRESCIMENTO
650 _aREGRESSÃO LINEAR
650 _aMETÓDO ESTATÍSTICO
650 _aDISTRIBUIÇÃO GEOGRÁFICA
773 0 _tPesquisa Agropecuária Brasileira (Brazil)
_xISSN 0100-203X
_g(Feb 2013), v. 48(2) p. 190-196
_wBR2013006369
909 _a202311
_bLúcia
_c55
_dLúcia Elande
942 _2AGRIS
_n0
_cANA
999 _c230465
_d230465